Score 0/15 Timer 01:30
1 Play Today
Question Answer Wrong Answers
Parts of a Triathlon Fencing
88.7%
Swimming
0.9%
Cycling
1%
Running
0.7%
Little Pig House Building Materials Stones
84.9%
Straw
2.1%
Bricks
4.3%
Sticks
5.8%
Branches of the US Government Congressional
83.6%
Executive
7.3%
Legislative
2.4%
Judicial
3.3%
Primary Colors (Painter's Color Wheel) Green
79.9%
Blue
4.1%
Yellow
11.9%
Red
1.5%
Freudian Psyche Super-Id
79.4%
Ego
2.6%
Super-Ego
10.7%
Id
5.5%
Triple Crown of Thoroughbred Racing (US) Epsom Derby
78.9%
Kentucky Derby
3.6%
Belmont Stakes
3.8%
Preakness Stakes
12.3%
Millennium Novel Trilogy The Girl Who Loved Tom Gordon
78.6%
The Girl with the Dragon Tattoo
4.4%
The Girl Who Played with Fire
3.5%
The Girl Who Kicked the Hornets' Nest
8.6%
Volumes of J.R.R. Tolkien's 'The Lord of the Rings' The Hobbit
77.7%
The Fellowship of the Ring
2%
The Two Towers
6.5%
The Return of the King
12%
Periods of the Mesozoic Era Permian
71.4%
Cretaceous
9.4%
Jurassic
5.3%
Triassic
6.5%
Tanner Girls on 'Full House' Kimmy
67.5%
Michelle
7%
D.J.
14.9%
Stephanie
7.3%
Brontë Sisters Jane
57.4%
Emily
5.1%
Anne
18.5%
Charlotte
7.4%
Countries that Border Chile Brazil
48.4%
Argentina
8.4%
Peru
12.5%
Bolivia
29.1%
Sons of Cronus in Greek Mythology Apollo
43.8%
Zeus
16.4%
Poseidon
10.3%
Hades
12.9%
Original Biblical Languages Latin
40.4%
Hebrew
4.5%
Aramaic
21.5%
Greek
28.3%
Three Pilgrimage Festivals in Judaism Yom Kippur
21.1%
Pesach
24.9%
Shavuot
13.8%
Sukkot
16.5%
Remove Ads.
Support Sporcle.
Get the best of Sporcle when you Go Orange. This ad-free experience offers more features, more stats, and more fun while also helping to support Sporcle. Thank you for becoming a member.

You're not logged in!

Compare scores with friends on all Sporcle quizzes.
OR
Log In

Show Comments

Extras

Top Quizzes Today


Score Distribution

Your Account Isn't Verified!

In order to create a playlist on Sporcle, you need to verify the email address you used during registration. Go to your Sporcle Settings to finish the process.

Report this User

Report this user for behavior that violates our Community Guidelines.

Details: